书目信息 |
| 题名: |
我不是包公
|
|
| 作者: | 夏家骏 著 | |
| 分册: | ||
| 出版信息: | 北京 作家出版社 2011.05 |
|
| 页数: | 270页 | |
| 开本: | 24cm | |
| 丛书名: | ||
| 单 册: | ||
| 中图分类: | I251 | |
| 科图分类: | ||
| 主题词: | 报告文学--中国 , 传记文学--中国 | |
| 电子资源: | ||
| ISBN: | 978-7-5063-5866-8 | |
| 000 | 00587nam0 2200205 450 | |
| 001 | 1263448556 | |
| 005 | 20120212173828.43 | |
| 010 | @a978-7-5063-5866-8@dCNY38.60 | |
| 100 | @a20120212d2011 km y0chiy0120 ea | |
| 101 | 0 | @achi |
| 102 | @aCN@b110000 | |
| 200 | 1 | @a我不是包公@Awo bu shi bao gong@f夏家骏著@Fxia jia jun zhu |
| 210 | @a北京@c作家出版社@d2011.05 | |
| 215 | @a270页@d24cm | |
| 606 | 0 | @a报告文学@x中国 |
| 606 | 0 | @a传记文学@x中国 |
| 690 | @aI251@v4 | |
| 701 | 0 | @a夏家骏@Axia jia jun@4著 |
| 801 | 0 | @aCN@b大连网信软件有限公司图书馆·11@c20120212 |
| 905 | @aZUCC@dI251@eX184 | |
| 我不是包公/夏家骏著.-北京:作家出版社,2011.05 |
| 270页;24cm |
| ISBN 978-7-5063-5866-8:CNY38.60 |
| ● |
| 相关链接 |
|
|
|
正题名:我不是包公
索取号:I251/X184
 
预约/预借
| 序号 | 登录号 | 条形码 | 馆藏地/架位号 | 状态 | 备注 |
| 1 | 483159 | 204831593 | 文学库108/108文学库 66排10列3层/ [索取号:I251/X184] | 在馆 | |
| 2 | 483160 | 204831600 | 文学库108/108文学库 66排10列3层/ [索取号:I251/X184] | 在馆 | |
| 3 | 483343 | 204833430 | 文学库108/108文学库 66排10列3层/ [索取号:I251/X184] | 在馆 |